000 00680nam a2200205 a 4500
001 000038616
005 20240412074259.0
008 130416s2005 dr 000 p spa d
040 _aDO-SdBNP
_bspa
_cBNPHU
082 _aRD861.44
_bP762h
100 1 _aPolanco, Hancel
_964944
245 1 0 _aHuerto de ilusiones /
_cHancel Polanco.
260 _aSanto Domingo :
_bUASD,
_c2005.
300 _a64 p. ;
_c22 cm.
490 1 _aPublicaciones de la Universidad Autónoma de Santo Domingo
_v1249
650 0 _aPoesía dominicana
_966
650 0 _aLiteratura dominicana.
_967
830 0 _aUniversidad Autónoma de Santo Domingo
_n1249
_964945
910 _aValidado. Control de calidad MFF
999 _c38106
_d38106